| 000 | 01109nam a22003377a 4500 | ||
|---|---|---|---|
| 003 | CHAP | ||
| 005 | 20220329141500.0 | ||
| 008 | 971013s1988 r 00010 d | ||
| 010 | _a68841 | ||
| 011 | _a69813 | ||
| 035 | _a79291 | ||
| 040 | _cCHAP | ||
| 090 | _aTesis | ||
| 100 | 0 | 0 |
_aCedillo Martínez, Isaías. _920848 |
| 245 | _aAlgunos aspectos fisiológicos de las malezas del altiplano potosino - zacatecano | ||
| 260 |
_aChapingo, Méx. : _bEl autor, _c1988 |
||
| 300 | _a126 h. | ||
| 500 | _a31-239 | ||
| 502 | _aTesis (Ing. Agrónomo Esp. en Fitotecnia) -- UACH. Departamento de Fitotecnia | ||
| 590 |
_aALEPH _b10 _c20130110 _lUCH01 _h1406 |
||
| 590 |
_aBATCH-UPD _b10 _c20130110 _lUCH01 _h0703 |
||
| 590 |
_aBATCH-UPD _b10 _c20130410 _lUCH01 _h0348 |
||
| 590 |
_aBATCH-UPD _b10 _c20130914 _lUCH01 _h0906 |
||
| 590 |
_aCONVERSION _b10 _c20130109 _lUCH01 _h1338 |
||
| 650 | 1 | 4 |
_aMalas hierbas _xFisiología. _970018 |
| 650 | 1 | 4 |
_aMalas hierbas _xSan Luis Potosí. _970036 |
| 650 | 1 | 4 |
_aMalas hierbas _xZacatecas. _970046 |
| 901 | _aBK | ||
| 942 | _cTESIS | ||
| 949 |
_bBC _cTES _d-32178 _eTS1 _i79291 _si |
||
| 999 |
_c68841 _d68841 |
||